[Event "13ème Open International de NANTES"]
[Site "Nantes - France"]
[Date "2014.12.27"]
[Round "1.1"]
[White "Bellaiche, Elise"]
[Black "Lalic, Bogdan"]
[Result "1/2-1/2"]
[WhiteElo "2055"]
[BlackElo "2479"]
[PlyCount "44"]
[EventDate "2014.??.??"]

1. e4 c5 2. c3 d5 3. exd5 Qxd5 4. d4 Nc6 5. Nf3 Bf5 6. Be3 cxd4 7. Nxd4 e6 8.
Nxf5 Qxf5 9. Qb3 O-O-O 10. Bb5 Qd5 11. Qxd5 exd5 12. Bxc6 bxc6 13. b4 a6 14.
Nd2 Ne7 15. Nb3 Nf5 16. Bb6 Re8+ 17. Kd2 Nd6 18. Na5 c5 19. bxc5 Ne4+ 20. Kc2
Bxc5 21. Bxc5 Nxc5 22. Rhe1 Kd7 1/2-1/2

[Event "13ème Open International de NANTES"]
[Site "Nantes - France"]
[Date "2014.12.27"]
[Round "1.2"]
[White "Arnaudov, G. Petar"]
[Black "Julien, Jules-Alois"]
[Result "0-1"]
[WhiteElo "2445"]
[BlackElo "2039"]
[PlyCount "58"]
[EventDate "2014.??.??"]

1. Nf3 Nf6 2. c4 g6 3. Nc3 Bg7 4. e4 d6 5. d4 O-O 6. h3 c5 7. d5 e5 8. g4 Na6
9. Be2 Qe7 10. Be3 Bd7 11. Qb3 b6 12. O-O-O Nc7 13. Nd2 Rab8 14. f4 exf4 15.
Bxf4 Nfe8 16. Nf3 b5 17. Qc2 b4 18. Nb1 b3 19. axb3 a5 20. Nc3 h6 21. Rhe1 a4
22. bxa4 Na6 23. e5 dxe5 24. d6 Nxd6 25. Nd5 Qe8 26. Bf1 Bxa4 27. Qc3 Nb4 28.
Kd2 Bxd1 29. Bxe5 Nxd5 0-1

[Event "13ème Open International de NANTES"]
[Site "Nantes - France"]
[Date "2014.12.27"]
[Round "1.3"]
[White "Mishkovski, Lubomir"]
[Black "Djuric, Stefan"]
[Result "0-1"]
[WhiteElo "2019"]
[BlackElo "2402"]
[PlyCount "112"]
[EventDate "2014.??.??"]

1. d4 Nf6 2. c4 g6 3. Nc3 Bg7 4. e4 O-O 5. Nf3 d6 6. Be2 e5 7. d5 Na6 8. Bg5 h6
9. Bh4 Qd7 10. Nd2 Nh7 11. g4 Bf6 12. Bxf6 Nxf6 13. Rg1 Nc5 14. b4 Na6 15. Qb3
c5 16. b5 Nc7 17. Nd1 Kg7 18. a4 Rh8 19. a5 Qd8 20. Qg3 Nce8 21. Ne3 Kf8 22. h4
Ng7 23. Bd3 Bd7 24. Ke2 Ngh5 25. gxh5 Nxh5 26. Qf3 Nf4+ 27. Kd1 Nxd3 28. Rxg6
Nf4 29. Rg3 Qxh4 30. a6 b6 31. Kc2 Qh5 32. Rh1 Qxf3 33. Nxf3 Ne2 34. Rg2 Nd4+
35. Nxd4 cxd4 36. Nf1 Ke7 37. Rgh2 Rac8 38. Kd3 Rc5 39. Rxh6 Rhc8 40. Nd2 Rxb5
41. cxb5 Bxb5+ 42. Nc4 Rxc4 43. Kd2 Ra4 44. Rc1 Bc4 45. Rc2 b5 46. Rh8 d3 47.
Rb2 Rxa6 48. Rc8 Ra1 49. Rc7+ Ke8 50. Kc3 a5 51. f4 Ra3+ 52. Kd2 exf4 53. Ke1
Ra1+ 54. Kd2 Rg1 55. Kc3 Rc1+ 56. Kd4 Rc2 0-1

[Event "13ème Open International de NANTES"]
[Site "Nantes - France"]
[Date "2014.12.27"]
[Round "1.4"]
[White "Colin, Vincent"]
[Black "Durand-Le Ludec, Brendan-Budok"]
[Result "1-0"]
[WhiteElo "2402"]
[BlackElo "2007"]
[PlyCount "75"]
[EventDate "2014.??.??"]

1. d4 d5 2. Nf3 Nf6 3. c4 c6 4. e3 e6 5. Nbd2 Nbd7 6. b3 Bb4 7. Bb2 Ne4 8. a3
Bd6 9. Nxe4 dxe4 10. Nd2 f5 11. Qh5+ g6 12. Qh6 Qf6 13. Be2 e5 14. O-O exd4 15.
exd4 g5 16. Qxf6 Nxf6 17. d5 Kf7 18. dxc6 bxc6 19. Rfd1 Rd8 20. c5 Bc7 21. Nc4
Be6 22. b4 Bd5 23. Ne3 Be6 24. Ba6 f4 25. Nc4 Bd5 26. a4 Rab8 27. Bc3 Ke6 28.
Rd4 Nd7 29. Re1 Kf5 30. f3 exf3 31. g4+ fxg3 32. Nd6+ Kg6 33. Bd3+ Kh5 34. hxg3
Bxd6 35. g4+ Kh4 36. cxd6 Kg3 37. Re3 Be4 38. Rdxe4 1-0

[Event "13ème Open International de NANTES"]
[Site "Nantes - France"]
[Date "2014.12.27"]
[Round "1.5"]
[White "Le Gallo, Frederic"]
[Black "Le Ruyet, Leopold"]
[Result "0-1"]
[WhiteElo "1975"]
[BlackElo "2266"]
[PlyCount "72"]
[EventDate "2014.??.??"]

1. e4 e5 2. f4 exf4 3. Nf3 d5 4. exd5 Nf6 5. c4 c6 6. d4 Bb4+ 7. Nc3 cxd5 8.
Bxf4 O-O 9. c5 Ne4 10. Qb3 Re8 11. Be2 Nc6 12. O-O Nxc3 13. bxc3 Bxc3 14. Qxc3
Rxe2 15. Qd3 Re4 16. Ng5 Bf5 17. Nxe4 dxe4 18. Qg3 Nxd4 19. Rae1 Bg6 20. Be5
Qd5 21. h4 Qxc5 22. Kh1 Ne6 23. Rc1 Qe7 24. h5 Bxh5 25. Rc7 Qb4 26. Rfc1 h6 27.
R7c4 Qd2 28. Rf1 e3 29. Rd4 e2 30. Re1 Qxe1+ 31. Qxe1 Nxd4 32. Qg3 Nf5 33. Qf2
Rc8 34. Bf4 Rd8 35. g4 Rd1+ 36. Kg2 e1=Q 0-1

[Event "13ème Open International de NANTES"]
[Site "Nantes - France"]
[Date "2014.12.27"]
[Round "1.6"]
[White "Hutois, Mickael"]
[Black "Nicolleau, Mathias"]
[Result "1-0"]
[WhiteElo "2221"]
[BlackElo "1974"]
[Annotator "Violeau,Jean-Luc"]
[PlyCount "125"]
[EventDate "2014.??.??"]

1. e4 e5 2. Nf3 Nc6 3. Bc4 Nf6 4. d3 Bc5 5. c3 d6 6. Nbd2 O-O 7. O-O a6 8. Bb3
Re8 9. Re1 Ba7 10. Nf1 Ne7 11. d4 Ng6 12. Ng3 h6 13. Bc2 Bg4 14. Be3 Nh4 15. d5
Bxe3 16. fxe3 Nh7 17. Rf1 Ng5 18. Bd3 Bxf3 19. gxf3 Nh3+ 20. Kh1 Qg5 21. Qd2 c6
22. f4 Qe7 23. f5 Qg5 24. Rae1 cxd5 25. exd5 Rac8 26. Qe2 Nf4 27. exf4 exf4 28.
Qh5 fxg3 29. Qxg5 hxg5 30. hxg3 Rxe1 31. Rxe1 Nf3 32. Re4 Ne5 33. Be2 Rc5 34.
c4 a5 35. b3 Kf8 36. Kg2 Ke7 37. Kf2 Kf6 38. g4 b6 39. a3 Rc8 40. Re3 Ra8 41.
Rc3 Rh8 42. Kg2 Rh4 43. Kg3 Rh1 44. b4 axb4 45. axb4 Re1 46. Kf2 Rb1 47. c5
bxc5 48. bxc5 dxc5 49. Rxc5 Rb2 50. Ke3 Ke7 51. Rc8 Rb4 52. Kd2 Nxg4 53. Kc3
Re4 54. Bb5 Ne5 55. Rg8 Kd6 56. Rxg7 f6 57. Ba6 Rf4 58. Bc8 Kxd5 59. Be6+ Kd6
60. Kd2 {(=)} Nf3+ 61. Ke3 Ke5 62. Rd7 Rd4 63. Kxf3 1-0

[Event "13ème Open International de NANTES"]
[Site "Nantes - France"]
[Date "2014.12.27"]
[Round "1.7"]
[White "Noulet, Jeremy"]
[Black "Le Goff, Ronan"]
[Result "0-1"]
[WhiteElo "1950"]
[BlackElo "2200"]
[PlyCount "146"]
[EventDate "2014.??.??"]

1. d4 Nf6 2. c4 e6 3. Nf3 b6 4. Nc3 Bb4 5. Qc2 Bb7 6. Bg5 h6 7. Bh4 g5 8. Bg3
Ne4 9. e3 f5 10. a3 Bxc3+ 11. bxc3 d6 12. Bd3 Nd7 13. d5 Ndc5 14. Nd4 Qf6 15.
Bxe4 fxe4 16. Nxe6 Nxe6 17. dxe6 O-O-O 18. a4 a5 19. O-O-O Qxe6 20. Rd4 Rd7 21.
h4 Rhd8 22. hxg5 hxg5 23. Rhd1 c5 24. R4d2 Ba6 25. Qb3 Qxc4 26. Qxc4 Bxc4 27.
Rxd6 Bb3 28. Rc6+ Kb7 29. Rc7+ Rxc7 30. Rxd8 Re7 31. Kb2 Bxa4 32. c4 Bd7 33.
Bd6 Rf7 34. Bg3 Kc6 35. Kc3 Re7 36. Rg8 g4 37. Rg6+ Kb7 38. Rd6 Rh7 39. Rg6 Bc8
40. Bf4 a4 41. Rh6 Rf7 42. Rg6 Re7 43. Bh6 Ka6 44. Bf4 Be6 45. Bd6 Re8 46. Rf6
a3 47. Kb3 a2 48. Kxa2 Bxc4+ 49. Kb2 Kb7 50. Kc3 Bd5 51. Bf4 Ra8 52. Rd6 Ra3+
53. Kb2 Rd3 54. Kc2 Ka6 55. Kb2 Ka5 56. Bg3 b5 57. Be5 Kb4 58. Rd8 Kc4 59. Bf4
Rd2+ 60. Kc1 Ra2 61. Kb1 Re2 62. Kc1 b4 63. Rc8 Ra2 64. Bd6 Ra5 65. Kb2 Be6 66.
Re8 Bd5 67. Rc8 b3 68. Rb8 Kd3 69. Rd8 Ra2+ 70. Kb1 Ke2 71. Bxc5 Bc4 72. Bd4
Bd3+ 73. Kc1 Rc2+ 0-1

[Event "13ème Open International de NANTES"]
[Site "Nantes - France"]
[Date "2014.12.27"]
[Round "1.8"]
[White "Crouan, Stephane"]
[Black "Cleran, Anthony"]
[Result "1/2-1/2"]
[WhiteElo "2181"]
[BlackElo "1933"]
[Annotator "Violeau,Jean-Luc"]
[PlyCount "130"]
[EventDate "2014.??.??"]

1. e4 e5 2. Nf3 Nc6 3. d4 exd4 4. Nxd4 Bc5 5. Be3 Qf6 6. c3 Nxd4 7. cxd4 Bb4+
8. Nc3 Qc6 9. Qd2 Bxc3 10. Qxc3 Qxc3+ 11. bxc3 b6 12. Bf4 Bb7 13. Bxc7 Bxe4 14.
Kd2 Rc8 15. Bd6 Rc6 16. Ba3 Kd8 17. f3 Bd5 18. Bb5 Rg6 19. Rhg1 Ne7 20. Rae1
Re8 21. Bd3 Rh6 22. c4 Bb7 23. h3 Ng6 24. Bd6 Nh4 25. Bc7+ Kxc7 26. Rxe8 Bxf3
27. Be4 Bxe4 28. Rxe4 g5 29. Kd3 Rf6 30. Re2 Ng6 31. Kc3 Nf4 32. Re5 h6 33. a4
Ne6 34. a5 Rf2 35. axb6+ axb6 {(=)} 36. Ra1 Nf4 37. c5 bxc5 38. dxc5 Rxg2 39.
Ra7+ Kc6 40. Ra6+ Kc7 41. Rxh6 Rg3+ 42. Kc4 Rxh3 43. Rf6 Rh4 44. Kb5 Ne6 45.
Rd5 Nd4+ 46. Kc4 Ne6+ 47. Kc3 Rf4 48. Rxf4 gxf4 49. Rf5 Kc6 {(=)} 50. Rxf7 Nxc5
51. Rxf4 Ne6 52. Rf5 Kd6 53. Kc4 Nc7 54. Rh5 Ne6 55. Rd5+ Kc6 56. Rd1 Nc7 57.
Kd4 Kd6 58. Ke4+ Ke6 59. Rd2 d5+ 60. Kd4 Kd6 61. Rh2 Ne6+ 62. Kc3 Kc5 63. Rh4
Kd6 64. Rh5 Kc5 65. Rf5 Nd4 1/2-1/2

[Event "13ème Open International de NANTES"]
[Site "Nantes - France"]
[Date "2014.12.27"]
[Round "1.10"]
[White "Jaulin, Philippe"]
[Black "Genereau, Thierry"]
[Result "1-0"]
[WhiteElo "2150"]
[BlackElo "1874"]
[PlyCount "59"]
[EventDate "2014.??.??"]

1. e4 e6 2. d4 d5 3. Nd2 Nc6 4. Ngf3 Nf6 5. e5 Nd7 6. c3 f6 7. Bb5 fxe5 8. dxe5
Be7 9. O-O O-O 10. Qe2 Nb6 11. Nb3 Bd7 12. Bd3 Qe8 13. Nfd4 a6 14. Nxc6 Bxc6
15. Qg4 Qf7 16. Qh3 g6 17. Na5 Nd7 18. Nxc6 bxc6 19. f4 Bc5+ 20. Be3 a5 21. b3
Qe7 22. Kh1 Bxe3 23. Qxe3 Qc5 24. Qg3 Kg7 25. h4 Qe7 26. h5 Rh8 27. Rae1 Raf8
28. Re3 Kf7 29. Bxg6+ Kg7 30. Bxh7+ 1-0

[Event "13ème Open International de NANTES"]
[Site "Nantes - France"]
[Date "2014.12.27"]
[Round "1.11"]
[White "Giraud, Thierry"]
[Black "Flachet, Thierry"]
[Result "0-1"]
[WhiteElo "1834"]
[BlackElo "2117"]
[PlyCount "44"]
[EventDate "2014.??.??"]

1. d4 d5 2. c4 c6 3. e3 Nf6 4. Nf3 a6 5. Bd3 Bg4 6. h3 Bxf3 7. Qxf3 Nbd7 8. Qf4
dxc4 9. Bxc4 e5 10. dxe5 Qa5+ 11. Bd2 Qxe5 12. Nc3 Qxf4 13. exf4 Bd6 14. O-O
O-O 15. Rfe1 Rfe8 16. Bb3 Nc5 17. Bc2 Ne6 18. Ne4 Be7 19. Be3 Nd5 20. g3 Bb4
21. Re2 f5 22. Nd2 Nd4 0-1

[Event "13ème Open International de NANTES"]
[Site "Nantes - France"]
[Date "2014.12.27"]
[Round "1.12"]
[White "Theon, Pierre"]
[Black "Savary, Xavier"]
[Result "1-0"]
[WhiteElo "2113"]
[BlackElo "1828"]
[PlyCount "29"]
[EventDate "2014.??.??"]

1. c4 e6 2. g3 d5 3. Bg2 dxc4 4. Na3 Bxa3 5. bxa3 c6 6. Bb2 Nf6 7. Rc1 b6 8.
Rxc4 Bb7 9. Qc2 O-O 10. Nf3 Nbd7 11. Rh4 c5 12. g4 Be4 13. Qc3 Ne8 14. g5 f6
15. Rxe4 1-0

[Event "13ème Open International de NANTES"]
[Site "Nantes - France"]
[Date "2014.12.27"]
[Round "1.13"]
[White "Bellaiche, Guy"]
[Black "Dubois, Pierre"]
[Result "0-1"]
[WhiteElo "1794"]
[BlackElo "2103"]
[PlyCount "54"]
[EventDate "2014.??.??"]

1. e4 e5 2. Nf3 Nc6 3. d4 exd4 4. Nxd4 Nf6 5. Nxc6 bxc6 6. Bd3 d5 7. e5 Nd7 8.
Bf4 Bc5 9. O-O O-O 10. c3 Re8 11. Re1 Rb8 12. b3 Qh4 13. g3 Qh3 14. Nd2 Bxf2+
15. Kxf2 Qxh2+ 16. Kf1 Nc5 17. Re3 Bh3+ 18. Ke1 Nxd3+ 19. Rxd3 Qg1+ 20. Ke2
Bg4+ 21. Nf3 Qg2+ 22. Ke3 g5 23. Bxg5 Rxe5+ 24. Nxe5 Bxd1 25. Raxd1 Qxg3+ 26.
Kd4 Qxg5 27. Nxc6 Qf4+ 0-1

[Event "13ème Open International de NANTES"]
[Site "Nantes - France"]
[Date "2014.12.27"]
[Round "1.14"]
[White "Picard, Remi"]
[Black "Lambert, Thomas"]
[Result "1-0"]
[WhiteElo "2091"]
[BlackElo "1773"]
[PlyCount "65"]
[EventDate "2014.??.??"]

1. e4 e5 2. Nf3 Nc6 3. Bb5 a6 4. Ba4 Nf6 5. d3 b5 6. Bb3 Bc5 7. O-O O-O 8. Nbd2
d5 9. exd5 Nxd5 10. Ne4 Bb6 11. Bg5 Nde7 12. Qd2 Kh8 13. a4 b4 14. Nh4 f6 15.
Be3 Bxe3 16. fxe3 Nd5 17. Qf2 Be6 18. Nc5 Bf7 19. Nf5 Na5 20. Ba2 Qe8 21. Qg3
Rg8 22. d4 c6 23. Nd6 Qe7 24. Nxf7+ Qxf7 25. e4 b3 26. Bxb3 Nxb3 27. Qxb3 Rab8
28. Qa2 Qa7 29. exd5 exd4 30. Nd3 c5 31. Qc4 Qb7 32. Rae1 Rgd8 33. Nxc5 1-0

[Event "13ème Open International de NANTES"]
[Site "Nantes - France"]
[Date "2014.12.28"]
[Round "2.1"]
[White "Djuric, Stefan"]
[Black "Flachet, Thierry"]
[Result "1-0"]
[WhiteElo "2402"]
[BlackElo "2117"]
[PlyCount "33"]
[EventDate "2014.??.??"]

1. e4 e6 2. d3 d5 3. Nd2 e5 4. Ngf3 Nc6 5. c3 a5 6. Qa4 f6 7. exd5 Qxd5 8. d4
exd4 9. Bc4 Qh5 10. O-O Bd7 11. Qb3 a4 12. Qxb7 Ra7 13. Qb5 Bc5 14. Bxg8 dxc3
15. Qe2+ Kd8 16. Ne4 Rxg8 17. Qc4 1-0

[Event "13ème Open International de NANTES"]
[Site "Nantes - France"]
[Date "2014.12.28"]
[Round "2.2"]
[White "Dubois, Pierre"]
[Black "Colin, Vincent"]
[Result "0-1"]
[WhiteElo "2103"]
[BlackElo "2384"]
[PlyCount "70"]
[EventDate "2014.??.??"]

1. e4 e5 2. Nf3 Nc6 3. Nc3 Nf6 4. Bb5 Bd6 5. O-O O-O 6. Re1 a6 7. Bf1 Re8 8. h3
Bc5 9. Nd5 d6 10. d3 Nxd5 11. exd5 Ne7 12. d4 exd4 13. Bg5 f6 14. Bf4 Ng6 15.
Qd2 Rxe1 16. Rxe1 Bf5 17. Rc1 Be4 18. Nxd4 Bxd5 19. Nb3 Bxb3 20. axb3 Qd7 21.
Qd5+ Kh8 22. Qxb7 Rf8 23. Qf3 Bd4 24. c3 Be5 25. Bxe5 fxe5 26. Qg4 Qf7 27. f3
Qxb3 28. Qb4 Qd5 29. Bxa6 Nf4 30. Qe4 Qd2 31. Qc2 Qe3+ 32. Kh1 Nxg2 33. Kxg2
Rxf3 34. Bf1 Rxh3 35. Qf5 Qg3# 0-1

[Event "13ème Open International de NANTES"]
[Site "Nantes - France"]
[Date "2014.12.28"]
[Round "2.3"]
[White "Le Ruyet, Leopold"]
[Black "Theon, Pierre"]
[Result "1/2-1/2"]
[WhiteElo "2266"]
[BlackElo "2113"]
[PlyCount "123"]
[EventDate "2014.??.??"]

1. e4 c6 2. d4 d5 3. f3 Qb6 4. Nc3 dxe4 5. Nxe4 Bf5 6. c3 Nd7 7. Bd3 e5 8. Ne2
exd4 9. cxd4 Ngf6 10. O-O Nd5 11. Nd6+ Bxd6 12. Bxf5 N7f6 13. Nc3 O-O 14. Qd3
Nf4 15. Qc4 Rad8 16. g3 N4d5 17. Be4 Be5 18. Rd1 Bb8 19. Na4 Qc7 20. Nc5 Rfe8
21. Bg5 h6 22. Bd2 Qc8 23. Re1 Re7 24. Qc2 Rde8 25. Kg2 Qd8 26. a4 Nh5 27. Qb3
Qd6 28. Bxd5 cxd5 29. Rxe7 Rxe7 30. Re1 Rxe1 31. Bxe1 b6 32. Na6 Qe6 33. Qd1
Bd6 34. Bb4 Nf6 35. Bxd6 Qxd6 36. Qd2 Qd7 37. b3 Ne8 38. Qc2 Qb7 39. Nb4 Nc7
40. Qf5 a5 41. Nd3 Ne6 42. Qe5 Qc6 43. Nf2 Kf8 44. f4 Qc3 45. Qb8+ Ke7 46. Qxb6
Nxd4 47. Qb7+ Ke6 48. Qa8 Nxb3 49. f5+ Ke5 50. Ng4+ Kd6 51. Qf8+ Kc7 52. Qxf7+
Kc6 53. Qe6+ Kc5 54. Ne5 Qc2+ 55. Kh3 Nd4 56. Qe7+ Kb6 57. Qd6+ Ka7 58. Qxd5
Qxf5+ 59. g4 Qf1+ 60. Kh4 Qf6+ 61. Kh3 Qf1+ 62. Kh4 1/2-1/2

[Event "13ème Open International de NANTES"]
[Site "Nantes - France"]
[Date "2014.12.28"]
[Round "2.4"]
[White "Moreels, Yves"]
[Black "Hutois, Mickael"]
[Result "0-1"]
[WhiteElo "2085"]
[BlackElo "2221"]
[Annotator "Violeau,Jean-Luc"]
[PlyCount "92"]
[EventDate "2014.??.??"]

1. c4 Nf6 2. Nc3 e6 3. e4 d6 4. d4 Nbd7 5. Nf3 Be7 6. h3 e5 7. dxe5 dxe5 8. Be3
O-O 9. Qc2 c6 10. a3 a5 11. Rd1 Qc7 12. Be2 Bc5 13. Qd3 a4 14. O-O {(=)} Qb6
15. Bxc5 Nxc5 16. Qc2 Qc7 17. Rd2 h6 18. Nh2 Be6 19. Re1 Nb3 20. Rdd1 Nd4 21.
Qc1 Nxe2+ 22. Rxe2 Bxc4 23. Re3 Bb3 24. Rde1 Rfd8 25. Nf1 Rd7 26. Ng3 Be6 27.
Qc2 b5 28. Qe2 {(=)} Rad8 29. Nh5 Nxh5 30. Qxh5 Bb3 31. Rg3 Qd6 32. Ree3 Kh7
33. Qg4 g6 34. h4 Qe6 35. h5 Qxg4 36. Rxg4 g5 37. Rgg3 Rd2 38. Rgf3 Kg7 39. Rf5
f6 40. Ne2 Be6 41. Ng3 Rxb2 42. Rc3 Rd6 43. Rff3 Rb3 44. Nf5+ Bxf5 45. exf5
Rxc3 46. Rxc3 Kf7 0-1

[Event "13ème Open International de NANTES"]
[Site "Nantes - France"]
[Date "2014.12.28"]
[Round "2.5"]
[White "Le Goff, Ronan"]
[Black "Picard, Remi"]
[Result "1-0"]
[WhiteElo "2200"]
[BlackElo "2091"]
[PlyCount "109"]
[EventDate "2014.??.??"]

1. d4 Nf6 2. Nf3 g6 3. Bf4 Bg7 4. e3 O-O 5. Be2 d6 6. h3 Nbd7 7. O-O Qe8 8. Bh2
e5 9. c4 Ne4 10. Nbd2 Nxd2 11. Qxd2 e4 12. Ne1 f5 13. Rc1 Nf6 14. b4 g5 15. c5
f4 16. exf4 g4 17. cxd6 cxd6 18. f5 Bxf5 19. Bxd6 Qg6 20. h4 Rfd8 21. Bf4 Nh5
22. Be3 Rac8 23. Rxc8 Rxc8 24. g3 Nf6 25. Ng2 Nd5 26. Nf4 Qd6 27. Nxd5 Qxd5 28.
a3 Be6 29. Rb1 h5 30. a4 Rd8 31. Rc1 Rc8 32. Rc5 Rxc5 33. dxc5 Qb3 34. Qd8+ Kh7
35. Qe7 Qd5 36. b5 Kg6 37. c6 bxc6 38. Qe8+ Kf6 39. bxc6 Bf7 40. Bg5+ Kg6 41.
Qd7 Be5 42. Be3 Be6 43. Qe8+ Bf7 44. Qe7 Bf6 45. Qc5 Be5 46. Qb5 Qxb5 47. axb5
Bb8 48. b6 axb6 49. Bxb6 Bd5 50. c7 Bxc7 51. Bxc7 Kf5 52. Bf4 Bf7 53. Bb5 Bg6
54. Kf1 Ke6 55. Bc4+ 1-0

[Event "13ème Open International de NANTES"]
[Site "Nantes - France"]
[Date "2014.12.28"]
[Round "2.6"]
[White "Peric, Slavisa"]
[Black "Aumont, Alexandre"]
[Result "1/2-1/2"]
[WhiteElo "2182"]
[BlackElo "2057"]
[PlyCount "50"]
[EventDate "2014.??.??"]

1. d4 f5 2. g3 Nf6 3. Bg2 g6 4. c3 Bg7 5. Qb3 Nc6 6. Nf3 e6 7. Nbd2 O-O 8. O-O
Kh8 9. Qc2 d6 10. e4 d5 11. exd5 exd5 12. Nb3 Ne4 13. Ne1 a5 14. Nd3 b6 15. f3
Nd6 16. Re1 a4 17. Nd2 a3 18. Ne5 axb2 19. Bxb2 Bb7 20. c4 dxc4 21. Ndxc4 f4
22. g4 Nb4 23. Qb3 Nd5 24. Rac1 Nxc4 25. Qxc4 Qd6 1/2-1/2

[Event "13ème Open International de NANTES"]
[Site "Nantes - France"]
[Date "2014.12.28"]
[Round "2.7"]
[White "Rivet, Bertrand"]
[Black "Jaulin, Philippe"]
[Result "1/2-1/2"]
[WhiteElo "1723"]
[BlackElo "2150"]
[PlyCount "54"]
[EventDate "2014.??.??"]

1. c4 c5 2. g3 Nc6 3. Bg2 g6 4. Nc3 Bg7 5. a3 a6 6. Rb1 Rb8 7. b4 cxb4 8. axb4
b5 9. cxb5 axb5 10. Nf3 Nf6 11. O-O O-O 12. d4 d6 13. Qd3 Bf5 14. e4 Nxe4 15.
Nxe4 d5 16. Nh4 Bxe4 17. Bxe4 dxe4 18. Qxe4 Nxd4 19. Rd1 e5 20. Bb2 Qb6 21.
Bxd4 exd4 22. Nf3 Rbc8 23. Ne1 Rfe8 24. Qf3 Rc3 25. Nd3 Rec8 26. Qd5 Rd8 27.
Qe4 Qf6 1/2-1/2

[Event "13ème Open International de NANTES"]
[Site "Nantes - France"]
[Date "2014.12.28"]
[Round "2.8"]
[White "Julien, Jules-Alois"]
[Black "Crouan, Stephane"]
[Result "1-0"]
[WhiteElo "2039"]
[BlackElo "2191"]
[PlyCount "57"]
[EventDate "2014.??.??"]

1. e4 e5 2. f4 exf4 3. Bc4 d5 4. Bxd5 Nf6 5. Nc3 Nxd5 6. Nxd5 g5 7. h4 c6 8.
Nc3 Bg7 9. Qh5 h6 10. hxg5 Qxg5 11. Qh2 f5 12. Nf3 Qg3+ 13. Qxg3 fxg3 14. e5
Na6 15. a3 Nc5 16. d3 Ne6 17. Ne2 c5 18. c3 f4 19. Nxf4 Nxf4 20. Bxf4 Bf5 21.
O-O-O Rd8 22. d4 cxd4 23. Nxd4 Bg4 24. Rd3 O-O 25. Bxg3 h5 26. Re1 Bf5 27. Rf3
Bh6+ 28. Bf4 Rxd4 29. Bxh6 1-0

[Event "13ème Open International de NANTES"]
[Site "Nantes - France"]
[Date "2014.12.28"]
[Round "2.9"]
[White "Cleran, Anthony"]
[Black "Bellaiche, Elise"]
[Result "0-1"]
[WhiteElo "1933"]
[BlackElo "2055"]
[Annotator "Violeau,Jean-Luc"]
[PlyCount "103"]
[EventDate "2014.??.??"]

1. f4 d5 2. Nf3 c5 3. e3 Nc6 4. b3 Nf6 5. Bb2 g6 6. Be2 Bg7 7. O-O O-O 8. d3
Re8 9. h3 d4 10. e4 e5 11. fxe5 Nxe5 12. Nxe5 Rxe5 13. c3 Nh5 14. Qe1 Bh6 15.
Nd2 Be3+ 16. Kh2 Qc7 17. Kh1 Rg5 18. Bxh5 Rxh5 19. Rf3 Bg4 20. Rxe3 dxe3 21.
Qxe3 Qd7 22. Kh2 Rd8 23. d4 b5 24. e5 Bf5 25. g4 Bxg4 26. Ne4 Rxh3+ 27. Qxh3
Bxh3 28. Nf6+ Kg7 29. Nxd7 Bxd7 30. d5 c4 31. bxc4 bxc4 32. Rd1 f6 33. exf6+
Kxf6 34. Rd4 Re8 35. Rd2 Re3 36. Kg1 Bg4 37. Ba3 Rd3 38. Rxd3 cxd3 39. Bc1 Ke5
40. d6 Kxd6 41. Kf2 Kd5 42. Ke3 Kc4 43. Bd2 h5 44. Kf4 Bf5 45. Kg5 Kd5 46. Kh4
Ke4 47. Kg3 {(=)} h4+ 48. Kxh4 Kf3 49. c4 Ke2 50. Ba5 d2 51. Bxd2 Kxd2 52. c5
0-1

[Event "13ème Open International de NANTES"]
[Site "Nantes - France"]
[Date "2014.12.28"]
[Round "3.1"]
[White "Le Goff, Ronan"]
[Black "Djuric, Stefan"]
[Result "1/2-1/2"]
[WhiteElo "2200"]
[BlackElo "2402"]
[Annotator "Violeau,Jean-Luc"]
[PlyCount "119"]
[EventDate "2014.??.??"]

1. d4 Nf6 2. Nf3 c5 3. d5 g6 4. Nc3 Bg7 5. e4 d6 6. Bb5+ Nbd7 7. a4 O-O 8. O-O
a6 9. Be2 Rb8 10. Re1 b6 11. h3 Bb7 12. Bf4 Ne8 13. Qd2 Ne5 14. Bh6 Nxf3+ 15.
Bxf3 e5 16. dxe6 fxe6 17. Bg5 Qc7 18. Bg4 Qf7 19. Nd1 Kh8 20. Ra3 h5 21. Rf3
Qd7 22. Rxf8+ Bxf8 23. Qf4 Kg8 24. Be2 Qxa4 25. Bd3 Qd4 26. Re3 Qe5 27. Qh4 b5
28. f4 Qg7 29. f5 c4 30. Be2 exf5 31. exf5 d5 32. Re6 gxf5 33. Bxh5 Bc5+ 34.
Kh1 Qd4 {(=)} 35. Qxd4 Bxd4 36. Rxe8+ Rxe8 37. Bxe8 Be5 38. Bd7 f4 39. Bg4 a5
40. Nc3 b4 41. Be6+ Kg7 42. Nxd5 Bxb2 43. Bxf4 b3 44. cxb3 cxb3 45. Bd2 a4 46.
Bc3+ Bxc3 47. Nxc3 Kf6 48. Bg8 Bc6 49. h4 Ke5 50. h5 Kf6 51. h6 Kg6 52. h7 Kg7
53. Kg1 b2 54. g3 Be4 55. Ba2 Bxh7 56. Bb1 a3 57. Ba2 Bg8 58. Bb1 Bh7 59. Ba2
Bg8 60. Bb1 1/2-1/2

[Event "13ème Open International de NANTES"]
[Site "Nantes - France"]
[Date "2014.12.28"]
[Round "3.2"]
[White "Colin, Vincent"]
[Black "Julien, Jules-Alois"]
[Result "1-0"]
[WhiteElo "2384"]
[BlackElo "2039"]
[PlyCount "61"]
[EventDate "2014.??.??"]

1. d4 Nf6 2. Nf3 c5 3. e3 g6 4. dxc5 Qa5+ 5. Nbd2 Bg7 6. a3 Qxc5 7. b4 Qc7 8.
Bb2 O-O 9. c4 d6 10. Be2 Nbd7 11. O-O b6 12. Qb3 Bb7 13. Rac1 Rac8 14. Rfd1 Qb8
15. Nd4 e5 16. Nb5 d5 17. cxd5 Bxd5 18. Qa4 a5 19. bxa5 Nc5 20. Qb4 Nfe4 21.
Nxe4 bxa5 22. Qxc5 Rxc5 23. Nxc5 Bc6 24. a4 Rc8 25. Nd7 Bxd7 26. Rxd7 Rxc1+ 27.
Bxc1 f5 28. Bc4+ Kh8 29. Ba3 h6 30. Be7 f4 31. Rd8+ 1-0

[Event "13ème Open International de NANTES"]
[Site "Nantes - France"]
[Date "2014.12.28"]
[Round "3.3"]
[White "Hutois, Mickael"]
[Black "Caillot, Arnaud"]
[Result "1-0"]
[WhiteElo "2221"]
[BlackElo "1614"]
[Annotator "Violeau,Jean-Luc"]
[PlyCount "87"]
[EventDate "2014.??.??"]

1. e4 e6 2. d4 d5 3. Nc3 Nf6 4. exd5 exd5 5. Bd3 Nc6 6. Nge2 Be7 7. Bf4 a6 8.
Qd2 O-O 9. a3 Re8 10. O-O Bg4 11. f3 Be6 12. Nd1 Nh5 13. Be3 g6 14. g4 Ng7 15.
c3 Na5 16. Qc2 Nc4 17. Bf2 Bg5 18. f4 Bh4 19. h3 f5 20. Bxc4 dxc4 21. Ne3 Bxf2+
22. Rxf2 Bf7 23. Rf3 fxg4 24. hxg4 Qh4 25. Ng3 Re7 26. Qh2 Qxh2+ 27. Kxh2 Rae8
28. Ngf1 c6 29. f5 gxf5 30. gxf5 Re4 31. Rc1 Nh5 32. Rc2 Rh4+ 33. Kg1 Ree4 34.
Rg2+ Kf8 35. Nd2 Ref4 36. Kf2 b5 37. Rg1 Nf6 38. Rgg3 Rh2+ 39. Ke1 Rxf3 40.
Rxf3 Bh5 41. Rf2 Rh1+ 42. Nef1 Ng4 43. Re2 Nh2 $4 44. Rxh2 1-0

[Event "13ème Open International de NANTES"]
[Site "Nantes - France"]
[Date "2014.12.28"]
[Round "3.4"]
[White "Prat, Romain"]
[Black "Le Ruyet, Leopold"]
[Result "0-1"]
[WhiteElo "1663"]
[BlackElo "2266"]
[PlyCount "52"]
[EventDate "2014.??.??"]

1. d4 Nf6 2. Nf3 e6 3. e3 c5 4. Bd3 d5 5. b3 Nc6 6. a3 Bd6 7. Bb2 O-O 8. O-O
Re8 9. Ne5 Ne7 10. Nd2 Ng6 11. f4 Qb6 12. Rb1 cxd4 13. exd4 Nxe5 14. fxe5 Bxe5
15. Nf3 Bf4 16. Kh1 Ne4 17. c4 f5 18. Bxe4 fxe4 19. Ne5 Bxe5 20. dxe5 Bd7 21.
cxd5 Bb5 22. Rf2 Qxf2 23. d6 Rf8 24. Bd4 e3 25. Qe1 Qxe1+ 26. Rxe1 e2 0-1

[Event "13ème Open International de NANTES"]
[Site "Nantes - France"]
[Date "2014.12.28"]
[Round "3.5"]
[White "Le De, Brieuc"]
[Black "Peric, Slavisa"]
[Result "0-1"]
[WhiteElo "1619"]
[BlackElo "2182"]
[PlyCount "56"]
[EventDate "2014.??.??"]

1. e4 e6 2. d4 d5 3. e5 c5 4. c3 Nc6 5. f4 Qb6 6. Nf3 Nh6 7. Be2 cxd4 8. cxd4
Nf5 9. Qa4 Bd7 10. Bb5 Nfxd4 11. Nxd4 Qxd4 12. Qxd4 Nxd4 13. Bxd7+ Kxd7 14. Kd1
h5 15. g3 Rc8 16. Nc3 Bb4 17. Bd2 Nf3 18. a3 Ba5 19. b4 Nxd2 20. Kxd2 Bb6 21.
Kd3 a6 22. Na4 Ba7 23. Rac1 Rxc1 24. Rxc1 Rc8 25. Rxc8 Kxc8 26. Nc5 Bxc5 27.
bxc5 b6 28. cxb6 Kb7 0-1